Whatever It Takes - Imagine Dragons - All Lyrics - Statistics

General Stats
  • This quiz has been taken 204 times
  • The average score is 351 of 451
Answer Stats
Answer % Correct
I
100%
thee
97%
to
97%
it
95%
take
95%
the
95%
what
95%
a
94%
takes
94%
Whatever
94%
whatever
94%
do
92%
me
91%
in
90%
for
88%
my
87%
you
86%
An
85%
an
85%
be
85%
I’m
85%
I'm
85%
'Cause
83%
‘Cause
83%
love
83%
veins
83%
this
82%
when
82%
of
81%
of,
81%
adrenaline
80%
and
80%
And
80%
Break
79%
break
79%
down
79%
on
79%
ready
79%
up
79%
that
78%
build
77%
like
76%
top
76%
chains
75%
too
75%
your
75%
fast
74%
world
74%
fall
73%
feels
73%
how
73%
prepare
73%
rip,
73%
rip
73%
was
72%
could
71%
lip,
71%
lip
71%
born
70%
slip,
70%
slip
70%
dangerous
69%
Falling
69%
run,
69%
Run
69%
wanna
69%
Whip,
69%
whip
69%
one
68%
word
67%
upon
66%
end
65%
Yeah,
65%
racehorse
64%
they
64%
Negative,
63%
Everybody
62%
Tripping
62%
man
61%
part
61%
hoping
59%
I'll
59%
Pull
57%
go
56%
Letter
54%
masterpiece,
54%
ripcord
54%
see
54%
times
54%
waiting
54%
box
53%
praying
53%
at
52%
At
52%
catastrophe
52%
half-diseased
52%
just
52%
nepotist
52%
out
51%
more
50%
is
49%
vision
49%
am
48%
apostrophe
48%
body
48%
proud
48%
there's
48%
deceased
47%
Looking
46%
lost
46%
'em
45%
remind
45%
something
45%
invisible
44%
we've
44%
vulturous
43%
system,
42%
yet
42%
circling
41%
Hypocritical,
41%
soul
41%
typical
40%
Working
40%
die
39%
Don’t
39%
feeling
39%
grave
39%
miserable
39%
symbol
39%
hypothetical
38%
least
38%
leave
37%
Never
37%
product
37%
Always
35%
happily
35%
martyrdom
35%
needs
35%
son
35%
years
35%
being
34%
egotistical
33%
had
33%
visual
33%
fear
32%
enough,
31%
epoxy
30%
hanging
29%
parenthetical,
29%
prodigal
28%
hard
15%
No matching quizzes found
Score Distribution
Percent of People with Each Score
Percentile by Number Answered
Your Score History
You have not taken this quiz